Child development: a practical introduction (Record no. 3645)

MARC details
000 -LEADER
fixed length control field 00485nam a22001817a 4500
003 - CONTROL NUMBER IDENTIFIER
control field 0
005 - DATE AND TIME OF LATEST TRANSACTION
control field 20220114152458.0
008 - FIXED-LENGTH DATA ELEMENTS--GENERAL INFORMATION
fixed length control field 0
020 ## - INTERNATIONAL STANDARD BOOK NUMBER
International Standard Book Number 9781849201360
040 ## - CATALOGING SOURCE
Transcribing agency 0
050 ## - LIBRARY OF CONGRESS CALL NUMBER
Classification number RJ131
Item number .C9535 2014
100 ## - MAIN ENTRY--PERSONAL NAME
Personal name Crowley, Kevin
245 ## - TITLE STATEMENT
Title Child development: a practical introduction
Remainder of title a practical introduction/
Statement of responsibility, etc. Kevin Crowley
264 ## - PRODUCTION, PUBLICATION, DISTRIBUTION, MANUFACTURE, AND COPYRIGHT NOTICE
Place of production, publication, distribution, manufacture Los Angeles:
Name of producer, publisher, distributor, manufacturer Sage;
Date of production, publication, distribution, manufacture, or copyright notice c2014
300 ## - PHYSICAL DESCRIPTION
Extent xvi, 272 page:
Other physical details with Illustration;
Dimensions 24 cm.
650 ## - SUBJECT ADDED ENTRY--TOPICAL TERM
Topical term or geographic name entry element Child Development
942 ## - ADDED ENTRY ELEMENTS (KOHA)
Source of classification or shelving scheme Library of Congress Classification
Koha item type Reserved Books
Holdings
Withdrawn status Source of classification or shelving scheme Damaged status Not for loan Collection code Home library Current library Shelving location Date acquired Total Checkouts Full call number Barcode Date last seen Price effective from Koha item type Date last checked out
  Dewey Decimal Classification     Non-fiction Cainta College Library Cainta College Library On Display 02/08/2017   RJ131.C9535 2014 URSCAI-3942 02/08/2017 02/08/2017 Reserved Books  
  Dewey Decimal Classification     Non-fiction Pililla College Library Pililla College Library General Stacks 01/12/2017 1 305.231 C87c 2014 URSPIL-5806 02/18/2020 01/12/2017 Foreign Books 02/18/2020

University of Rizal System
Email us at univlibservices@urs.edu.ph

Visit our Website www.urs.edu.ph/library